Nuestros primeros veinticinco años / (Registro nro. 123841)

Detalles MARC
000 -LEADER
campo de control de longitud fija 00865nam a2200253 4500
001 - NÚMERO DE CONTROL
campo de control 123841
003 - IDENTIFICADOR DE NÚMERO DE CONTROL
campo de control ES-MaACL
005 - FECHA Y HORA DE LA ÚLTIMA TRANSACCIÓN
campo de control 20250810063035.0
007 - CAMPO FIJO DE DESCRIPCIÓN FÍSICA--INFORMACIÓN GENERAL
campo de control de longitud fija t|
008 - DATOS DE LONGITUD FIJA--INFORMACIÓN GENERAL
campo de control de longitud fija 070214s1977 sp r ||||1| spa d
100 1# - ENTRADA PRINCIPAL--NOMBRE DE PERSONA
Nombre de persona Ramírez, Luis,
Fechas asociadas al nombre 1933-1993
9 (RLIN) 171704
245 10 - MENCIÓN DEL TÍTULO
Título Nuestros primeros veinticinco años /
Mención de responsabilidad, etc. Luis Ramírez.
260 ## - PUBLICACIÓN, DISTRIBUCIÓN, ETC.
Lugar de publicación, distribución, etc. Paris :
Nombre del editor, distribuidor, etc. Ruedo Ibérico,
Fecha de publicación, distribución, etc. 1977.
300 ## - DESCRIPCIÓN FÍSICA
Extensión 293 p. ;
Dimensiones 18 cm.
490 1# - MENCIÓN DE SERIE
Mención de serie Testimonios ;
Designación de volumen o secuencia 1
594 ## - Nota al título y mención de responsabilidad
Nota al título y mención de responsabilidad Luis Ramírez es seudónimo de Luciano Rincón.
650 #4 - PUNTO DE ACCESO ADICIONAL DE MATERIA--TÉRMINO DE MATERIA
Término de materia o nombre geográfico como elemento de entrada Represión política-
Subdivisión geográfica España-
Subdivisión cronológica 1939-1975.
9 (RLIN) 145752
651 #4 - PUNTO DE ACCESO ADICIONAL DE MATERIA--NOMBRE GEOGRÁFICO
Nombre geográfico España-
Subdivisión general Historia-
Subdivisión cronológica 1939-1975, Dictadura.
9 (RLIN) 167928
651 #4 - PUNTO DE ACCESO ADICIONAL DE MATERIA--NOMBRE GEOGRÁFICO
Nombre geográfico España-
Subdivisión general Situación social-
Subdivisión cronológica 1939-1975.
9 (RLIN) 163951
710 2# - ENTRADA AGREGADA--NOMBRE DE ENTIDAD CORPORATIVA
Nombre de entidad corporativa o nombre de jurisdicción como elemento de entrada Éditions Ruedo ibérico.
9 (RLIN) 145333
830 1# - PUNTO DE ACCESO ADICIONAL DE SERIE-TÍTULO UNIFORME
Título uniforme Testimonios ;
Designación de volumen o secuencia 1
9 (RLIN) 179776
852 ## - LOCALIZACIÓN
Ubicación ES-MaACL
Número de control de estantería L-2933
Existencias
Estatus retirado Estado de pérdida Estado de daño No para préstamo Biblioteca de origen Biblioteca actual Ubicación en estantería Fecha de adquisición Fuente de adquisición Total de préstamos Signatura topográfica completa Código de barras Visto por última vez Precio de reemplazo Tipo de ítem Koha
        Biblioteca del Ateneo de Madrid Biblioteca del Ateneo de Madrid Depósito 2 17/01/2008     L-2933 1129025 23/02/2023 23/02/2023 Libro impreso